Longitudinal research

Αποθηκεύτηκε σε:
Λεπτομέρειες βιβλιογραφικής εγγραφής
Κύριος συγγραφέας: Menard, Scott W.
Μορφή: Βιβλίο
Γλώσσα:English
Δημοσίευση: Newbury Park : Sage Publications, c1991
Σειρά:Sage university papers series. Quantitative applications in the social sciences ; ; 76
Θέματα:
Ετικέτες: Προσθήκη ετικέτας
Δεν υπάρχουν, Καταχωρήστε ετικέτα πρώτοι!

MARC

LEADER 00000nam a2200000 i 4500
001 1/18335
008 981015s1991 eng d
020 |a 0-8039-3753-9 
035 |l 10020878 
040 |a GR-MY-UA  |b gre  |e aacr 
041 0 |a eng 
082 0 |a 300.72 
100 1 |a Menard, Scott W. 
245 1 0 |a Longitudinal research /  |c Scott Menard 
260 |a Newbury Park :   |b Sage Publications,   |c c1991 
300 |a 81 p. 
490 1 |a Sage university papers series. Quantitative applications in the social sciences  |v ; 76 
504 |a Includes bibliographical references (p. 73-80) 
650 0 0 |a Social sciences  |x Longitudinal studies. 
830 0 |a Sage university papers series. Quantitative applications in the social sciences ;  |v ; 76 
852 |a INST  |b LESVOS  |e 19981015  |h 300.72 MEN  |p 005100018413  |q 005100018413  |t BK  |y 0 
901 |a BIBL-1999-1 
909 |a Λ  |b 059648 
922 |a 1ΕΛΗ  |b 199809  |c ΚΠΣ/ΤΓ  |d ΠΑΠΑΣΩΤΗΡΙΟΥ 
950 |a 118-1998-07-23